000 01041nac a22003377a 4500
001 BR0600251
003 BR-BrBNA
005 20240105123240.0
008 230509b bl.|||m| |||| 00| 0 por d
040 _aBR-BrBNA
_bpor
_cBiblioteca Nacional de Agricultura
072 _aH20
090 _a0332 BR0600251
100 1 _aCharchar, M.J. d'A.
100 1 _aAnjos, J.R.N. dos
100 1 _aAndrade, R.P. de
100 1 _aFernandes, F.D.
100 1 _aFernandes, C.D.
110 1 _aEMBRAPA Cerrados, Planaltina, DF (Brasil)
245 1 _aDoenças de Arachis forrageiro no Distrito Federal
260 3 _aPlanaltina, DF (Brasil):
_c2004.
300 _a18 p.
490 _aBoletim de Pesquisa e Desenvolvimento - EMBRAPA CERRADOS (Brazil)
_vno. 133
_xISSN 1676-918X
500 _aSummaries (En, Pt); 21 ref.
650 _aAMENDOIM
650 _aPLANTA FORRAGEIRA
650 _aFUNGO
650 _aDOENÇA DE PLANTA
650 _aDISTRITO FEDERAL
909 _a202312
_bLúcia Elande
_c55
_dLúcia Elande
942 _2AGRIS
_n0
_cMS
999 _c294611
_d294611